| 000 | 00494nam a22001817a 4500 | ||
|---|---|---|---|
| 005 | 20240610144617.0 | ||
| 008 | 240610b |||||||| |||| 00| 0 eng d | ||
| 020 | _a9780471034452 | ||
| 082 |
_a004.6 _bBAR-S |
||
| 100 | _aBarker, Richard | ||
| 245 |
_aStorage area network essentials / _cPaul Massigilia |
||
| 260 |
_aUSA: _bWiley; _c2002. |
||
| 300 |
_a498 p. : _bill; _c24 cm. |
||
| 650 | _acomputer science/ web operating system | ||
| 700 | _aPaul Massigilia | ||
| 999 |
_c35881 _d35881 |
||